| 000 | 01423naa a22003137a 4500 | ||
|---|---|---|---|
| 001 | BR8801697 | ||
| 003 | BR-BrBNA | ||
| 005 | 20240918175956.0 | ||
| 007 | ta | ||
| 008 | 230509b bl.||||| |||| 00| 0 por d | ||
| 040 |
_aBR-BrBNA _bpor _cBiblioteca Nacional de Agricultura |
||
| 041 | _a(Pt) | ||
| 072 |
_aP10; F60; P33 _b0120 |
||
| 090 | _aP10 BR8801697 | ||
| 100 | 1 | _aBrunini, O. | |
| 111 | 1 |
_aSimposio sobre o Manejo de Agua na Agricultura _cCampinas, SP (Brazil) _d17-19 Mar 1987 |
|
| 245 | 1 | _aConsumo hidrico e parametros ecologicos da cultura do milho | |
| 246 | 1 | _a[Hydric consumption and ecological paramethers for maize cultivation] | |
| 246 | 1 | _a[Reunion about Water Management in the Agriculture. Allegiance to the 100th years of the Agronomical Institute CPA/SAA/SP] | |
| 260 | 3 |
_aCampinas, SP (Brasil): _bGlauco Pinto Viegas, _c1987. |
|
| 500 | _aSimposio sobre o Manejo de Agua na Agricultura. Homenagem aos 100 anos do Instituto Agronomico CPA/SAA/SP Campinas, SP (Brasil): Glauco Pinto Viegas, 1987. p. 93-122 (BR8801697-AM)P10 | ||
| 650 | _aMILHO | ||
| 650 | _aBALANCO HIDRICO | ||
| 650 | _aRELACAO AGUA-PLANTA | ||
| 650 | _aRELACAO SOLO-PLANTA | ||
| 773 | 0 |
_tSimposio sobre o Manejo de Agua na Agricultura. Homenagem aos 100 anos do Instituto Agronomico CPA/SAA/SP _wP10 BR8801697 _gCampinas, SP (Brasil), 1987. p. 93-122 |
|
| 909 |
_a202404 _bLucia _c55 _dLucia Elande |
||
| 942 |
_cAM _2AGRIS |
||
| 999 |
_c319066 _d319066 |
||